Estatísticas para Cultura Geral

Clique aqui para jogar o quiz

Estatísticas Gerais

  • Esse quiz foi jogado 47 vezes
  • A pontuação média é 9 de 15

Estatísticas das Respostas

HintResposta% Correto
Em que país fica a cidade de Curitiba?Brasil
100%
Que país da América do Sul começa com a letra U?Uruguai
95%
Que país africano começa com a letra U?Uganda
92%
Qual é o contrário de rural?Urbano
84%
Em que país fica a cidade Kawasaki?Japão
78%
Qual é o país de origem da tequila?México
73%
A que empresa de desporto pertence o slogan "Just do it"?Nike
73%
Em que país fica a cidade de Wellington?Nova Zelândia
65%
Que estado dos EUA começa com a letra U e tem 4 letras?Utah
62%
Quem canta a música "Yesterday"?The Beatles
57%
Quem canta a música "Livin' on a Prayer"?Bon Jovi
46%
Quem canta a música "Blank Space"?Taylor Swift
43%
Em que país fica a cidade de Durban?África do Sul
24%
Em que país podemos encontrar a cidade Winterthur?Suíça
24%
Em que país fica Bogor?Indonésia
19%

Distribuição das Pontuações

Percentil de Números Respondidos

Porcentagem de Pessoas com Cada Pontuação

Sua Pontuação Histórica

Você não jogou esse quiz